|
|
|
|
| LEADER |
00000nam0a2200000 4500 |
| 001 |
330314 |
| 005 |
20231102004240.0 |
| 035 |
|
|
|a (RuTPU)RU\TPU\book\356088
|
| 035 |
|
|
|a RU\TPU\book\356083
|
| 090 |
|
|
|a 330314
|
| 100 |
|
|
|a 20170404d1979 k y0rusy50 ca
|
| 101 |
0 |
|
|a rus
|
| 102 |
|
|
|a RU
|
| 105 |
|
|
|a a z 001zy
|
| 200 |
1 |
|
|a Исследования в области физико-химических измерений
|e [сборник научных трудов]
|f Всесоюзный научно-исследовательский институт метрологии им. Д. И. Менделеева (ВНИИМ) ; под ред. Б. В. Семакова
|
| 210 |
|
|
|a Ленинград
|c Энергия
|d 1979
|
| 215 |
|
|
|a 35 с.
|c ил.
|
| 225 |
1 |
|
|a Труды метрологических институтов СССР
|v Вып. 234 (294)
|
| 320 |
|
|
|a Библиография в конце статей
|
| 606 |
1 |
|
|a Физические измерения
|2 stltpush
|3 (RuTPU)RU\TPU\subj\63833
|9 80767
|
| 606 |
1 |
|
|a Физическая химия
|x Исследования
|2 stltpush
|3 (RuTPU)RU\TPU\subj\74221
|9 86672
|
| 610 |
1 |
|
|a ЯМР
|
| 610 |
1 |
|
|a радиоспектроскопические методы
|
| 610 |
1 |
|
|a радиоспектрометры
|
| 610 |
1 |
|
|a градуировка
|
| 610 |
1 |
|
|a масс-спектрометры
|
| 610 |
1 |
|
|a измерения
|
| 610 |
1 |
|
|a погрешности
|
| 675 |
|
|
|a 53.08
|v 3
|
| 675 |
|
|
|a 544.08
|v 3
|
| 702 |
|
1 |
|a Семаков
|b Б. В.
|4 340
|
| 712 |
0 |
2 |
|a Всесоюзный научно-исследовательский институт метрологии им. Д. И. Менделеева (ВНИИМ)
|c (Ленинград)
|2 stltpush
|3 (RuTPU)RU\TPU\col\12882
|
| 801 |
|
1 |
|a RU
|b 63413507
|c 20150907
|
| 801 |
|
2 |
|a RU
|b 63413507
|c 20170411
|g RCR
|
| 942 |
|
|
|c BK
|